000
00289nam a22001337a 4500
008
181219b xxu||||| |||| 00| 0 eng d
020
_a
0256060827
041
_a
eng
080
_a
620
100
_a
26
101
_a
MEK
245
_a
Motion and Time Study
_c
Niebel,B.W
942
_2
udc
_c
BK
999
_c
53495
_d
53495